| 000 | 00899cam a22002775a 4500 | ||
|---|---|---|---|
| 001 | 4818303 | ||
| 005 | 20201128024232.0 | ||
| 008 | 891025t1990 nyua frb 001 0 eng d | ||
| 020 | _a0471515779 | ||
| 020 | _a9780471515777 | ||
| 040 |
_aDLC _cDLC _dDLC _dEG-ScBUE _beng |
||
| 082 | 0 | 4 |
_a658.4 _222 _bBEC |
| 245 | 0 | 0 |
_aBecoming a master manager : _ba competency framework / _cRobert E. Quinn ... [et al.] |
| 260 |
_aNew York : _bJohn Wiley & Sons, _cc.1990. |
||
| 300 |
_axvi, 345 p. : _bill. ; _c24 cm. |
||
| 504 | _aIncludes bibliographical references and index. | ||
| 541 | _aDonation from David Kirby. | ||
| 650 | 7 |
_aLeadership. _2BUEsh _91000 |
|
| 650 | 7 |
_aExecutive ability. _2BUEsh _911399 |
|
| 650 | 7 |
_aManagement. _2BUEsh _9553 |
|
| 650 | 7 |
_aOrganizational behavior. _2BUEsh _94617 |
|
| 651 | _2BUEsh | ||
| 653 |
_bGGEN _bBUSADM _cJanuary2018 |
||
| 700 | 1 | _aQuinn, Robert E. | |
| 942 | _2ddc | ||
| 999 |
_c26043 _d26015 |
||